MARC

LEADER 00000nam0a2200000 4500
001 185890
005 20231031173146.0
035 |a (RuTPU)RU\TPU\book\201706 
090 |a 185890 
100 |a 20101018d1955 km y0rusy50 ca 
101 0 |a rus 
102 |a RU 
105 |a a z 000zy 
200 1 |a Чтение и выполнение машиностроительных чертежей  |f А. А. Абрикосов 
205 |a 3-е изд., перераб. и доп. 
210 |a Москва  |c Машгиз  |d 1955 
215 |a 139 с.  |c ил. 
610 1 |a машиностроительное черчение 
610 1 |a машиностроительные чертежи 
610 1 |a выполнение 
610 1 |a чтение 
610 1 |a ортогональные проекции 
610 1 |a аксонометрические проекции 
610 1 |a сборочные чертежи 
610 1 |a разрезы 
610 1 |a сечения 
610 1 |a поверхности 
610 1 |a чистота 
610 1 |a обозначения 
610 1 |a классификация 
610 1 |a резьба 
610 1 |a крепежные детали 
610 1 |a пружины 
610 1 |a зубчатые колеса 
610 1 |a червяки 
610 1 |a эскизы 
610 1 |a детали машин 
610 1 |a рабочие чертежи 
675 |a 744:621  |v 3 
700 1 |a Абрикосов  |b А. А.  |g Александр Александрович 
801 1 |a RU  |b 63413507  |c 20101018 
801 2 |a RU  |b 63413507  |c 20101222  |g RCR 
942 |c BK